| 000 | 00461nam a2200169Ia 4500 | ||
|---|---|---|---|
| 999 |
_c3572 _d3572 |
||
| 003 | OSt | ||
| 005 | 20241126110457.0 | ||
| 008 | 160511b xxu||||| |||| 00| 0 eng d | ||
| 020 | _a0551 01058 4 | ||
| 040 | _cgbc | ||
| 082 |
_a248 _bCHR |
||
| 245 |
_aThe Christian life and how to live it / _cEdited by Jan P. Dennis |
||
| 260 |
_bGood News Publishers, _aGreat Britain: _c1976 |
||
| 300 |
_a126p.; _c17 cm. |
||
| 650 |
_aChristian life _9183 |
||
| 942 |
_2ddc _cBK _01 |
||